| 000 | 00380nam a2200133Ia 4500 | ||
|---|---|---|---|
| 008 | 211118s9999||||xx |||||||||||||| ||und|| | ||
| 082 |
_a894.8124 _bSIV-O |
||
| 100 | _aSivapuram, Ahammed Kutty | ||
| 245 | 0 | _aOnninte Lokathaku | |
| 260 |
_bOlive Publications _aCalicut _c1999 |
||
| 630 | _xGeneral Stack | ||
| 650 |
_aMalayalam Literature _vMalayalam EssaysMalayalam |
||
| 942 | _cBOOK | ||
| 999 |
_c96252 _d96252 |
||